UEFA Top 100 Clubs 2025 - Statistiques

Statistiques générales
  • Ce quiz a été pris 237 fois
  • Le résultat moyen est 52 sur 100
Statistiques - réponses
Country Réponse % Correct
Spain Real Madrid
98%
France Paris SG
97%
Germany Bayern Munich
96%
France Olympique Lyonnais
96%
Italy Internazionale
94%
England Manchester United
94%
Germany Borussia Dortmund
93%
Spain FC Barcelona
93%
England Manchester City
93%
France Olympique de Marseille
93%
England Liverpool
92%
Italy AC Milan
91%
Italy Juventus
88%
Spain Atletico de Madrid
86%
Portugal SL Benfica
85%
England Arsenal FC
84%
England Chelsea FC
84%
Netherlands AJAX Amsterdam
80%
Germany Bayer Leverkusen
80%
Portugal FC Porto
80%
Italy AS Roma
79%
France LOSC Lille
79%
England Aston Villa
78%
Italy SSC Napoli
77%
France AS Monaco
73%
Portugal Sporting CP
71%
Netherlands PSV Eindhoven
70%
Germany RB Leipzig
70%
Belgium Club Brugge
69%
England Tottenham Hotspur
69%
Türkiye Galatasaray
67%
Italy SS Lazio
66%
Spain Athletic Bilbao
64%
Türkiye Fenerbahçe
64%
Netherlands Feyenoord Rotterdam
64%
France OGC Nice
63%
Italy Atalanta Bergamo
62%
France Stade Rennais FC
61%
Scotland Celtic Glasgow
58%
Scotland Rangers FC
58%
Spain Real Betis
58%
Switzerland Young Boys Bern
58%
Croatia GNK Dinamo Zagreb
56%
Denmark FC Kobenhavn
55%
Italy ACF Fiorentina
54%
England Newcastle United
54%
Greece Olympiakos
54%
Austria RB Salzburg
54%
Belgium RSC Anderlecht
53%
England West Ham United
53%
Spain FC Sevilla
52%
Germany Union Berlin
50%
Portugal SC Braga
48%
Switzerland FC Basel
47%
Israel Maccabi Tel-Aviv
47%
Serbia Crvena Zvezda
45%
Germany Eintracht Frankfurt
45%
Spain Real Sociedad
45%
France Stade Brestois 29
45%
Spain Villareal CF
45%
Greece Panathinaikos
44%
Norway FK Bodø/Glimt
41%
Ukraine Shakhtar Donetsk
41%
Czechia Sparta Praha
38%
Czechia Slavia Praha
36%
Netherlands AZ Alkmaar
35%
England Crystal Palace
35%
Spain Girona FC
35%
Poland Legia Warszawa
35%
England Leicester FC
34%
England Brighton & Hove Albion
33%
Azerbaijan Qarabag FK
32%
Belgium Union Saint-Gilloise
32%
England Nottingham Forest
31%
Austria SK Rapid Wien
31%
Belgium KAA Gent
30%
Greece PAOK
30%
Slovakia Slovan Bratislava
30%
Hungary Ferencvaros TC
27%
Germany SC Freiburg
26%
Italy Bologna FC
24%
Israel Maccabi Haïfa
24%
Romania FCSB
23%
Serbia Partizan Belgrade
22%
Moldova Sheriff Tiraspol
20%
Austria SK Sturm Graz
20%
Czechia Viktoria Plzen
19%
Türkiye Istanbul Başakşehir FK
18%
Norway Molde FK
18%
Portugal Vitória de Guimarães
16%
Spain CA Osasuna
15%
Romania CFR Cluj
15%
Poland KKS Lech Poznań
15%
Austria Linzer ASK
15%
Bulgaria PFK Ludogorets
15%
Ireland Shamrock Rovers
12%
Denmark FC Midtjylland
10%
Switzerland FC Lugano
9%
Slovenia Olimpija Ljubljana
6%
Sweden Djurgårdens IF
4%
Aucun quiz correspondant
Distribution des résultats
% des personnes avec chaque résultat
Percentile par nombre de réponses
Votre historique - résultats
Vous n’avez pas pris ce quiz